| 000 | 00777nam a2200253 a 4500 | ||
|---|---|---|---|
| 008 | |||
| 020 | _a0750601043 (hbk.) | ||
| 049 | _aMAIN | ||
| 090 | _aHD2741 POW | ||
| 245 | 1 | 0 |
_aPower, performance and ethics : _bkey articles from "Director" Britain's leading boardroom magazine / _cedited by Stuart Rock and Carol Kennedy. |
| 260 |
_aOxford : _bButterworth-Heinemann, _c1991. |
||
| 300 |
_a330 p. ; _c24 cm. |
||
| 650 | _aEthics. | ||
| 650 | _aPerformance. | ||
| 650 | _aPower (Philosophy). | ||
| 650 | 1 | _aPower (Social sciences). | |
| 700 | _aKennedy, Carol | ||
| 700 | _aRock, Stuart | ||
| 907 |
_a.b10086134 _b15-01-07 _c19-08-03 |
||
| 003 | |||
| 005 | 20230123133400.0 | ||
| 040 | _cNUST | ||
| 942 |
_cBOOKS _kHD2741 POW |
||
| 999 |
_c147625 _d147625 |
||